[Event "Hessen Senioren-ch 2012  8th"]
[Site "Bad Sooden-Adf. (14.4.-22.4)"]
[Date "2012.04.14"]
[Round "1.98"]
[White "Ludwig, Egbert"]
[Black "Zoll, Theo"]
[Result "0-1"]
[WhiteElo "1124"]
[BlackElo "1540"]
[PlyCount "41"]
[EventDate "2012.04.??"]
[EventType "swiss"]
[EventRounds "9"]
[EventCountry "GER"]
[WhiteTeam "Eichholz-Remmighaus TuS"]
[BlackTeam "Göttingen Rot-Weiß ESV"]

1. d4 Nf6 2. Nf3 e6 3. c4 c5 4. g3 d5 5. Bg2 Nc6 6. O-O h6 7. Re1 cxd4 8. Nxd4
Bd7 9. cxd5 Nxd5 10. e4 Nb6 11. b3 e5 12. Nxc6 Bxc6 13. Nc3 Qc8 14. Bb2 Qe6 15.
Qc2 f6 16. Rad1 Rc8 17. Rd3 Bc5 18. Red1 O-O 19. Kh1 Qe7 20. Bh3 f5 21. Bxf5
0-1

[Event "Hessen Senioren-ch 2012  8th"]
[Site "Bad Sooden-Adf. (14.4.-22.4)"]
[Date "2012.04.14"]
[Round "1.99"]
[White "Krueger, Bernhard"]
[Black "Nols, Uwe"]
[Result "1-0"]
[WhiteElo "1530"]
[BlackElo "1171"]
[PlyCount "54"]
[EventDate "2012.04.??"]
[EventType "swiss"]
[EventRounds "9"]
[EventCountry "GER"]
[WhiteTeam "Grunbach SC"]
[BlackTeam "Itzehoer SV"]

1. d4 d5 2. Nf3 Nc6 3. e3 a6 4. Bd3 Nf6 5. Nbd2 b5 6. b3 Bb7 7. O-O h6 8. Bb2
e6 9. c4 dxc4 10. bxc4 Nb4 11. Bb1 bxc4 12. Nxc4 Nfd5 13. e4 Nf4 14. Ncd2 Be7
15. Re1 O-O 16. Ne5 c5 17. Ndf3 Rb8 18. Bc1 Ng6 19. Nxg6 fxg6 20. Bf4 Rc8 21.
Qb3 Ba8 22. Qxe6+ Rf7 23. Ne5 Kh7 24. Nxf7 Qxd4 25. Qxg6+ Kg8 26. Bc2 Bf8 27.
Rad1 Qc3 1-0

[Event "Hessen Senioren-ch 2012  8th"]
[Site "Bad Sooden-Adf. (14.4.-22.4)"]
[Date "2012.04.14"]
[Round "1.100"]
[White "Bartl, Birgit"]
[Black "Schwichtenberg, Juergen"]
[Result "1/2-1/2"]
[WhiteElo "1096"]
[BlackElo "1545"]
[PlyCount "61"]
[EventDate "2012.04.??"]
[EventType "swiss"]
[EventRounds "9"]
[EventCountry "GER"]
[WhiteTeam "Erfurt USV"]
[BlackTeam "Hofheim 1920 SV"]

1. d4 Nf6 2. Nf3 d5 3. e3 Bg4 4. c3 c6 5. Be2 e6 6. O-O Be7 7. Nbd2 O-O 8. h3
Bh5 9. b3 Nbd7 10. Nh2 Bxe2 11. Qxe2 a6 12. e4 dxe4 13. Nxe4 Nxe4 14. Qxe4 Nf6
15. Qe2 c5 16. Bb2 cxd4 17. cxd4 Nd5 18. Rad1 b5 19. Nf3 Qb6 20. Ne5 Qb7 21.
Rfe1 Rac8 22. Qf3 Rc7 23. Rc1 Bf6 24. Nd3 Rd7 25. Nc5 Qb6 26. a3 Ne7 27. Red1
h6 28. b4 Rd5 29. g4 Nc6 30. Qe4 Rd6 31. Ba1 1/2-1/2

[Event "Hessen Senioren-ch 2012  8th"]
[Site "Bad Sooden-Adf. (14.4.-22.4)"]
[Date "2012.04.14"]
[Round "1.101"]
[White "Preiss, Lore"]
[Black "Brahn, Roswitha"]
[Result "1-0"]
[WhiteElo "1524"]
[BlackElo "1014"]
[PlyCount "81"]
[EventDate "2012.04.??"]
[EventType "swiss"]
[EventRounds "9"]
[EventCountry "GER"]
[WhiteTeam "Steinhagen SK"]
[BlackTeam "Burghaun SG"]

1. d4 d5 2. Nf3 e6 3. c4 Nf6 4. e3 Nc6 5. Bd3 Be7 6. O-O O-O 7. Nc3 a6 8. Bd2
Bd7 9. a3 Re8 10. cxd5 exd5 11. h3 Rc8 12. Rc1 Na7 13. Re1 Bb5 14. Bf5 Bd7 15.
Bxd7 Qxd7 16. e4 dxe4 17. Nxe4 Nxe4 18. Rxe4 Nb5 19. Qa4 c6 20. Rce1 Bf6 21.
Bc3 Rxe4 22. Rxe4 Re8 23. Qc2 Nd6 24. Re2 Rxe2 25. Qxe2 Qe8 26. Qxe8+ Nxe8 27.
Kf1 Nc7 28. Ke2 Kf8 29. Kd3 Ke8 30. Nd2 Nb5 31. Nc4 Nc7 32. Nd6+ Kd7 33. Nxb7
Nd5 34. Nc5+ Kc8 35. g3 Nxc3 36. Kxc3 h5 37. Nxa6 h4 38. g4 g5 39. Nc5 Be7 40.
Kc4 Bd6 41. a4 1-0

[Event "Hessen Senioren-ch 2012  8th"]
[Site "Bad Sooden-Adf. (14.4.-22.4)"]
[Date "2012.04.14"]
[Round "1.102"]
[White "Stuiber, Ingeborg"]
[Black "Dinius, Helmut"]
[Result "0-1"]
[WhiteElo "982"]
[BlackElo "1475"]
[PlyCount "70"]
[EventDate "2012.04.??"]
[EventType "swiss"]
[EventRounds "9"]
[EventCountry "GER"]
[WhiteTeam "Euskirchen SK"]
[BlackTeam "Ludwigsstadt TSV"]

1. d4 d5 2. e3 c6 3. f4 Nf6 4. Bd3 e6 5. Nf3 Nbd7 6. Nbd2 Be7 7. O-O O-O 8. c3
c5 9. Ne5 cxd4 10. exd4 Re8 11. Ndf3 h6 12. Qc2 Nf8 13. Bd2 N6d7 14. Be1 f5 15.
Bf2 Nf6 16. Bh4 a6 17. Qd2 Ne4 18. Qe2 Bxh4 19. h3 Bf6 20. Bxe4 dxe4 21. Nh2
Bxe5 22. fxe5 Qg5 23. g4 Bd7 24. Rf2 Rac8 25. c4 Qh4 26. Kg2 Nh7 27. Rc1 Ng5
28. Rc3 Rf8 29. Qf1 Bc6 30. Kg1 Rcd8 31. Rd2 fxg4 32. Qg2 Qe1+ 33. Nf1 Rxf1+
34. Qxf1 Qxd2 35. Rg3 Nf3+ 0-1

[Event "Hessen Senioren-ch 2012  8th"]
[Site "Bad Sooden-Adf. (14.4.-22.4)"]
[Date "2012.04.14"]
[Round "1.103"]
[White "Straschnej, Paul"]
[Black "Winkler, Werner"]
[Result "0-1"]
[WhiteElo "1538"]
[BlackElo "1513"]
[PlyCount "94"]
[EventDate "2012.04.??"]
[EventType "swiss"]
[EventRounds "9"]
[EventCountry "GER"]
[WhiteTeam "Bad Emstal Sfr."]
[BlackTeam "Bad Sooden-Allendorf SK"]

1. d4 d5 2. c4 Nf6 3. Nc3 h6 4. Nf3 Nc6 5. e3 e6 6. Bd3 Bb4 7. Bd2 Bxc3 8. Bxc3
O-O 9. Qc2 a6 10. b3 Bd7 11. O-O Re8 12. Rad1 a5 13. a3 Qe7 14. c5 b6 15. b4
bxc5 16. bxc5 Reb8 17. Rb1 Qd8 18. Nd2 Ne7 19. a4 Qe8 20. Rxb8 Rxb8 21. Ra1 Ra8
22. f3 Nc6 23. e4 Nb4 24. Bxb4 axb4 25. a5 Bb5 26. e5 Bxd3 27. Qxd3 Nh7 28. a6
Qb8 29. Nb3 c6 30. f4 Nf8 31. Na5 Qc7 32. Nb3 Ng6 33. g3 Ne7 34. g4 Ng6 35. f5
exf5 36. gxf5 Nf8 37. Qd2 Kh7 38. Qxb4 Qd8 39. f6 Rb8 40. Qc3 g6 41. Na5 Qc8
42. Nb7 Qg4+ 43. Kf1 Ne6 44. Ra4 Qd1+ 45. Qe1 Qxa4 46. Na5 Qb5+ 47. Kg1 Qxa6
0-1

[Event "Hessen Senioren-ch 2012  8th"]
[Site "Bad Sooden-Adf. (14.4.-22.4)"]
[Date "2012.04.14"]
[Round "1.104"]
[White "Britz, Helmut"]
[Black "Knaak, Hans"]
[Result "0-1"]
[WhiteElo "1344"]
[BlackElo "1582"]
[PlyCount "133"]
[EventDate "2012.04.??"]
[EventType "swiss"]
[EventRounds "9"]
[EventCountry "GER"]
[WhiteTeam "GER/"]
[BlackTeam "Forster 95 SC"]

1. e4 c5 2. Nf3 d6 3. d4 cxd4 4. Nxd4 Nf6 5. Nc3 a6 6. a4 g6 7. Bd3 Bg7 8. Nb3
Nc6 9. h3 O-O 10. O-O Bd7 11. Ne2 Rc8 12. c3 Ne5 13. Bc2 Bc6 14. f3 b6 15. Bf4
Nc4 16. Bc1 Bb7 17. Bd3 Qd7 18. Bxc4 Rxc4 19. Nd2 Rc7 20. Nb3 Nh5 21. Re1 Rfc8
22. Nd2 d5 23. exd5 Bxd5 24. Ne4 b5 25. axb5 axb5 26. N2g3 Nxg3 27. Nxg3 e6 28.
Bf4 Rc4 29. Ne4 f5 30. Nf2 Rxf4 31. Qc1 Rfc4 32. Re2 b4 33. Nd1 bxc3 34. bxc3
Bxc3 35. Nxc3 Rxc3 36. Qe1 Qc6 37. Rd1 Rc1 38. Red2 Rxd1 39. Rxd1 Ra8 40. Rc1
Qb6+ 41. Kh2 Kf7 42. Qg3 Qb8 43. Rc7+ Kg8 44. Qd6 Qf8 45. Qd7 Qf6 46. Qxh7+ Kf8
47. Qh6+ Ke8 48. Rh7 e5 49. Rh8+ Ke7 50. Qh7+ Qf7 51. Qh4+ Ke6 52. Rxa8 Bxa8
53. Qc4+ Bd5 54. Qa6+ Ke7 55. Qa3+ Kf6 56. Qd6+ Be6 57. Qd8+ Kg7 58. Qd6 Qf6
59. Qc7+ Bf7 60. Qc2 Qd6 61. Qc3 Kh7 62. g3 Bd5 63. Qe3 Bc6 64. Qa7+ Bd7 65.
Qe3 Qd4 66. Qe1 Bc6 67. Kg2 0-1

[Event "Hessen Senioren-ch 2012  8th"]
[Site "Bad Sooden-Adf. (14.4.-22.4)"]
[Date "2012.04.14"]
[Round "1.105"]
[White "Marinoni, Rainer"]
[Black "Stark, Werner(51)"]
[Result "1/2-1/2"]
[WhiteElo "1151"]
[BlackElo "1084"]
[PlyCount "20"]
[EventDate "2012.04.??"]
[EventType "swiss"]
[EventRounds "9"]
[EventCountry "GER"]
[WhiteTeam "Eschwege SC"]
[BlackTeam "Königstein/Schwalbach Sfr."]

1. e4 e5 2. Nf3 Nc6 3. Bc4 d6 4. d4 Bg4 5. c3 Bxf3 6. Qxf3 Nf6 7. d5 Ne7 8. Bg5
c6 9. Bxf6 gxf6 10. dxc6 Nxc6 1/2-1/2

[Event "Hessen Senioren-ch 2012  8th"]
[Site "Bad Sooden-Adf. (14.4.-22.4)"]
[Date "2012.04.15"]
[Round "2.1"]
[White "Oud, Niek"]
[Black "Piankov, Evgenij"]
[Result "1-0"]
[WhiteElo "2162"]
[BlackElo "2271"]
[PlyCount "105"]
[EventDate "2012.04.??"]
[EventType "swiss"]
[EventRounds "9"]
[EventCountry "GER"]
[WhiteTeam "NED/Amstelveen"]
[BlackTeam "UKR (Ukraine)"]
[WhiteTeamCountry "NED"]
[BlackTeamCountry "UKR"]

1. d4 d5 2. c4 e6 3. Nc3 f5 4. g3 c6 5. b3 Nf6 6. Nf3 Bd6 7. Bg2 O-O 8. O-O
Nbd7 9. Qc2 Ne4 10. Nxe4 fxe4 11. Ng5 Nf6 12. f3 exf3 13. Rxf3 g6 14. Bb2 Ng4
15. Rxf8+ Bxf8 16. Qd2 Bh6 17. h4 Qd6 18. Qd3 Qe7 19. Rf1 Bxg5 20. hxg5 Qxg5
21. Rf4 Nh6 22. Bc1 Qe7 23. e4 dxc4 24. Qxc4 Nf7 25. e5 Bd7 26. Rf6 Rf8 27. Be4
Nd8 28. Bg5 Rxf6 29. Bxf6 Qf8 30. Qd3 Nf7 31. Bxg6 Qh6 32. Bxf7+ Kxf7 33. Qf3
Ke8 34. Qg4 Kf7 35. Qf3 Qg6 36. Qc3 Qg4 37. Bh4 Kg6 38. Qc2+ Qf5 39. Qc5 Qf7
40. Qxa7 Be8 41. Bf6 Kf5 42. Qc5 Kg4 43. Qc1 Kxg3 44. Qg5+ Kf3 45. Qg2+ Kf4 46.
Qg5+ Ke4 47. Qg4+ Kd3 48. Qd1+ Kc3 49. Bg5 Kb4 50. Qc2 Ka5 51. Qc5+ Ka6 52.
Qa3+ Kb6 53. Bd8+ 1-0

[Event "Hessen Senioren-ch 2012  8th"]
[Site "Bad Sooden-Adf. (14.4.-22.4)"]
[Date "2012.04.15"]
[Round "2.2"]
[White "Ugolyk, Vitaliy"]
[Black "Romanow, Werner"]
[Result "1-0"]
[WhiteElo "2210"]
[BlackElo "1961"]
[PlyCount "60"]
[EventDate "2012.04.??"]
[EventType "swiss"]
[EventRounds "9"]
[EventCountry "GER"]
[WhiteTeam "Fulda SC"]
[BlackTeam "Merseburg SV"]

1. d4 Nf6 2. c4 c5 3. d5 b5 4. cxb5 a6 5. b6 g6 6. Nc3 d6 7. e4 Qxb6 8. a4 Bg7
9. a5 Qb7 10. Bc4 Nbd7 11. f4 O-O 12. Nf3 Ne8 13. O-O Nc7 14. Qe2 Rb8 15. e5
Qa8 16. Rd1 Rb4 17. Be3 Re8 18. Bf2 Qb8 19. Rd2 f5 20. Re1 Rf8 21. Ng5 Bh6 22.
Ne6 Re8 23. Bh4 Nxe6 24. dxe6 Nf8 25. exd6 Bxf4 26. d7 Rd8 27. dxc8=Q Rxc8 28.
Rd7 Rxb2 29. Nd5 Rxe2 30. Nxe7+ Kg7 1-0

[Event "Hessen Senioren-ch 2012  8th"]
[Site "Bad Sooden-Adf. (14.4.-22.4)"]
[Date "2012.04.15"]
[Round "2.3"]
[White "Biller, Helmut Dr"]
[Black "Van den Berg, Ad"]
[Result "1/2-1/2"]
[WhiteElo "1975"]
[BlackElo "1998"]
[PlyCount "108"]
[EventDate "2012.04.??"]
[EventType "swiss"]
[EventRounds "9"]
[EventCountry "GER"]
[WhiteTeam "Frankfurt 1921 Sfr."]
[BlackTeam "NED/Philidor Leiden"]
[BlackTeamCountry "NED"]

1. d4 Nf6 2. Nf3 c5 3. c3 e6 4. Bf4 Nc6 5. e3 d5 6. Nbd2 Be7 7. h3 O-O 8. Bd3
b6 9. O-O Bb7 10. Qe2 a5 11. Ne5 Nxe5 12. Bxe5 a4 13. a3 Qc8 14. e4 c4 15. Bc2
Nxe4 16. Nxe4 dxe4 17. Bxe4 Bxe4 18. Qxe4 Qd7 19. Rad1 Rfd8 20. Rfe1 Ra5 21.
Rc1 Rb5 22. Rc2 Qd5 23. Qxd5 Rdxd5 24. Rce2 h6 25. Kf1 Rb3 26. Rc2 g5 27. g4
Kh7 28. f3 Kg6 29. Kg2 h5 30. Ree2 h4 31. Re1 Bf6 32. Bxf6 Kxf6 33. Kf2 Rbb5
34. Re4 Rb3 35. Ree2 Rdb5 36. Rcd2 Rd5 37. Re4 Ke7 38. Rc2 Kd7 39. Kf1 Kd6 40.
Kf2 Rdb5 41. Ree2 f6 42. Rcd2 Rd5 43. Re4 e5 44. dxe5+ fxe5 45. Rxd5+ Kxd5 46.
Re2 Rb5 47. Rd2+ Ke6 48. Ke2 Rd5 49. Rxd5 Kxd5 50. Ke3 b5 51. Kd2 e4 52. fxe4+
Kxe4 53. Ke2 Kd5 54. Kf3 Ke5 1/2-1/2

[Event "Hessen Senioren-ch 2012  8th"]
[Site "Bad Sooden-Adf. (14.4.-22.4)"]
[Date "2012.04.15"]
[Round "2.4"]
[White "Bakhmatov, Eduard"]
[Black "Heinzel, Peter"]
[Result "1-0"]
[WhiteElo "2198"]
[BlackElo "1907"]
[PlyCount "61"]
[EventDate "2012.04.??"]
[EventType "swiss"]
[EventRounds "9"]
[EventCountry "GER"]
[WhiteTeam "Hattingen SV"]
[BlackTeam "Mülheim 08/25 SV"]

1. e4 b6 2. d4 Bb7 3. Bd3 e6 4. Nf3 c5 5. Nc3 Nf6 6. Qe2 Nc6 7. d5 Nd4 8. Nxd4
cxd4 9. Nb5 Bc5 10. Bf4 d6 11. c3 dxc3 12. Nxc3 O-O 13. O-O a6 14. Rad1 e5 15.
Bc1 Bc8 16. Kh1 b5 17. Rde1 Bg4 18. f3 Bh5 19. g4 Bg6 20. f4 exf4 21. Bxf4 Qd7
22. h3 Rae8 23. Qf3 Bd4 24. Nd1 Be5 25. Bd2 Qc8 26. Rg1 Bd4 27. Rg2 Nd7 28. h4
Ne5 29. Qg3 Nxd3 30. Qxd3 Qc4 31. Qf3 1-0

[Event "Hessen Senioren-ch 2012  8th"]
[Site "Bad Sooden-Adf. (14.4.-22.4)"]
[Date "2012.04.15"]
[Round "2.5"]
[White "Kopp, Peter Dr(46)"]
[Black "Liebert, Heinz"]
[Result "1/2-1/2"]
[WhiteElo "1955"]
[BlackElo "2155"]
[PlyCount "83"]
[EventDate "2012.04.??"]
[EventType "swiss"]
[EventRounds "9"]
[EventCountry "GER"]
[WhiteTeam "Hofheim 1920 SV"]
[BlackTeam "Halle Volksbank USV"]

1. e4 c5 2. c3 Nf6 3. e5 Nd5 4. d4 cxd4 5. Nf3 Nc6 6. Bc4 Nb6 7. Bb3 d5 8. exd6
Qxd6 9. O-O e6 10. cxd4 Be7 11. Nc3 O-O 12. Qd3 Nb4 13. Qe4 N6d5 14. a3 Nf6 15.
Qh4 Nbd5 16. Bc2 Re8 17. Re1 g6 18. Ng5 Bf8 19. Re5 Nxc3 20. bxc3 Qd8 21. Re3
Bg7 22. Qf4 h6 23. Ne4 Nd5 24. Qf3 Nxe3 25. Bxe3 f5 26. Nc5 Qe7 27. Bb3 Kh7 28.
Rc1 e5 29. dxe5 Qxe5 30. g3 Bf8 31. Bd4 Qc7 32. Na6 Qc6 33. Qxc6 bxc6 34. Nc7
Bd7 35. Nxe8 Bxe8 36. a4 c5 37. Be5 Bc6 38. Rd1 Be7 39. a5 Rd8 40. Rxd8 Bxd8
41. Bd6 Bxa5 42. Bxc5 1/2-1/2

[Event "Hessen Senioren-ch 2012  8th"]
[Site "Bad Sooden-Adf. (14.4.-22.4)"]
[Date "2012.04.15"]
[Round "2.6"]
[White "Weyrauch, Erich"]
[Black "Haubt, Georg"]
[Result "0-1"]
[WhiteElo "1989"]
[BlackElo "2189"]
[PlyCount "118"]
[EventDate "2012.04.??"]
[EventType "swiss"]
[EventRounds "9"]
[EventCountry "GER"]
[WhiteTeam "Letmathe SV"]
[BlackTeam "Oberursel SV"]

1. e4 d5 2. exd5 Qxd5 3. Nf3 Bg4 4. Be2 Nc6 5. Nc3 Qd7 6. d3 Nf6 7. h3 Bh5 8.
Bf4 e6 9. O-O Bd6 10. Bxd6 cxd6 11. Ne4 Nd5 12. Ng3 Bg6 13. Re1 O-O 14. c3 h6
15. d4 Rac8 16. Qd2 Na5 17. Rac1 Nc4 18. Bxc4 Rxc4 19. b3 Rcc8 20. c4 Nf6 21.
Re2 Rfd8 22. Qf4 b5 23. Qe3 bxc4 24. bxc4 Qa4 25. Qb3 Qa6 26. Re3 Nd5 27. Qa3
Qxa3 28. Rxa3 Rd7 29. Nd2 Nb4 30. Nb3 Rb7 31. Nf1 Nxa2 32. Rxa2 Rxb3 33. Rxa7
Rd3 34. Rd7 Rxd4 35. Ne3 Be4 36. Ra1 Bc6 37. Re7 Be8 38. g4 Rd2 39. Kg2 Rb8 40.
Nf1 Rd3 41. Rc7 Rc3 42. Ng3 Rd8 43. g5 d5 44. gxh6 gxh6 45. c5 Kg7 46. Ne2 Rc4
47. Ra3 d4 48. Rg3+ Kf8 49. Rd3 e5 50. Ng3 Bd7 51. f4 Rc3 52. Rxc3 dxc3 53. Ne2
c2 54. Ra7 Bc6+ 55. Kf2 Rd1 56. Ra2 c1=Q 57. Nxc1 Rxc1 58. fxe5 Rxc5 59. Re2
Ke7 0-1

[Event "Hessen Senioren-ch 2012  8th"]
[Site "Bad Sooden-Adf. (14.4.-22.4)"]
[Date "2012.04.15"]
[Round "2.7"]
[White "Ljubarskij, Juri"]
[Black "Peleikis, Horst"]
[Result "1-0"]
[WhiteElo "2168"]
[BlackElo "1973"]
[PlyCount "37"]
[EventDate "2012.04.??"]
[EventType "swiss"]
[EventRounds "9"]
[EventCountry "GER"]
[WhiteTeam "Hannover 96 Schach"]
[BlackTeam "Lister Turm SK"]

1. e4 Nf6 2. e5 Nd5 3. Nc3 Nxc3 4. dxc3 d6 5. Nf3 g6 6. Bc4 Bg7 7. Bf4 O-O 8.
Qe2 Nc6 9. O-O-O Bg4 10. e6 f6 11. Bd5 Qc8 12. h3 Bxf3 13. Qxf3 Nd8 14. Rhe1 c6
15. Bb3 d5 16. c4 Nxe6 17. cxd5 Nxf4 18. dxc6+ Kh8 19. cxb7 1-0

[Event "Hessen Senioren-ch 2012  8th"]
[Site "Bad Sooden-Adf. (14.4.-22.4)"]
[Date "2012.04.15"]
[Round "2.8"]
[White "Reinhold, Klaus Dr(44)"]
[Black "Hassenrueck, Helmut"]
[Result "0-1"]
[WhiteElo "1952"]
[BlackElo "2151"]
[PlyCount "83"]
[EventDate "2012.04.??"]
[EventType "swiss"]
[EventRounds "9"]
[EventCountry "GER"]
[WhiteTeam "Gronau 1920 SC"]
[BlackTeam "Gladbeck 19/23 SG"]

1. d4 Nf6 2. c4 e6 3. g3 c5 4. d5 exd5 5. cxd5 b5 6. Bg2 d6 7. b4 Nbd7 8. a4
bxa4 9. Qxa4 Bb7 10. Nc3 cxb4 11. Qxb4 Nc5 12. Nh3 Be7 13. Be3 Nfd7 14. O-O O-O
15. Rfb1 a5 16. Qa3 Bf6 17. Ra2 Qe7 18. Na4 Nxa4 19. Qxa4 Ne5 20. Nf4 Bc8 21.
Nh5 Bg5 22. Bxg5 Qxg5 23. Nf4 Bd7 24. Qd4 Rfc8 25. Qd1 a4 26. h4 Qd8 27. Nd3
Nxd3 28. Qxd3 g6 29. Qd4 Rc5 30. Be4 Rac8 31. Bd3 Rc1+ 32. Rxc1 Rxc1+ 33. Kg2
Qa5 34. Rb2 a3 35. Rb8+ Rc8 36. Rxc8+ Bxc8 37. Bc4 h5 38. Ba2 Qb5 39. Qc3 Qc5
40. Qxc5 dxc5 41. Kf3 Ba6 42. Ke3 0-1

[Event "Hessen Senioren-ch 2012  8th"]
[Site "Bad Sooden-Adf. (14.4.-22.4)"]
[Date "2012.04.15"]
[Round "2.9"]
[White "Kierzek, Matthias Dr"]
[Black "Nagorni, Walter"]
[Result "1-0"]
[WhiteElo "2138"]
[BlackElo "1905"]
[PlyCount "107"]
[EventDate "2012.04.??"]
[EventType "swiss"]
[EventRounds "9"]
[EventCountry "GER"]
[WhiteTeam "Fulda SC"]
[BlackTeam "Lister Turm SK"]

1. d4 Nf6 2. c4 c5 3. d5 e6 4. Nc3 exd5 5. cxd5 d6 6. Nf3 g6 7. Bf4 a6 8. a4
Qe7 9. h3 Nbd7 10. e3 Bg7 11. Be2 O-O 12. O-O Ne8 13. Nd2 Rb8 14. e4 Ne5 15.
Bh2 g5 16. Re1 Bd7 17. a5 Nc7 18. Nc4 Nxc4 19. Bxc4 Be5 20. Bxe5 Qxe5 21. Re3
Kh8 22. Qh5 f6 23. Qe2 Rg8 24. Qd3 Qd4 25. Qf1 g4 26. Rd1 Qe5 27. h4 b5 28.
axb6 Rxb6 29. b3 Nb5 30. Bxb5 Bxb5 31. Nxb5 axb5 32. Ra1 c4 33. bxc4 bxc4 34.
Rc1 g3 35. Rxg3 Rxg3 36. fxg3 Qd4+ 37. Qf2 Qxf2+ 38. Kxf2 Rb2+ 39. Kf3 Rb3+ 40.
Kf4 c3 41. Kf5 Kg7 42. Ke6 Rb4 43. Rxc3 Rxe4+ 44. Kxd6 Re2 45. Kc7 Re7+ 46. Kc8
Re8+ 47. Kd7 Re5 48. d6 Kf7 49. Kc7 Ra5 50. d7 Ra7+ 51. Kd6 Ra6+ 52. Rc6 Ra8
53. Rc8 Ra6+ 54. Kc5 1-0

[Event "Hessen Senioren-ch 2012  8th"]
[Site "Bad Sooden-Adf. (14.4.-22.4)"]
[Date "2012.04.15"]
[Round "2.10"]
[White "Knaak, Joachim"]
[Black "Rychlik, Kurt"]
[Result "1/2-1/2"]
[WhiteElo "2099"]
[BlackElo "1942"]
[PlyCount "102"]
[EventDate "2012.04.??"]
[EventType "swiss"]
[EventRounds "9"]
[EventCountry "GER"]
[WhiteTeam "Dresden-Leuben SV"]
[BlackTeam "Berenbostel SV"]

1. d4 d5 2. c4 c6 3. Nf3 Nf6 4. Nc3 e6 5. e3 Nbd7 6. Qc2 a6 7. Be2 dxc4 8. Bxc4
b5 9. Be2 Bb7 10. O-O c5 11. a3 Rc8 12. Rd1 b4 13. Na2 Qb6 14. Qa4 b3 15. Nc3
Bd6 16. Ne5 Ke7 17. Nc4 Qc7 18. Nxd6 Qxd6 19. Qxb3 Rb8 20. Qc2 cxd4 21. exd4
Rhc8 22. Bg5 h6 23. Bh4 Qb6 24. Bg3 Ra8 25. Qd2 Kf8 26. Rac1 Nd5 27. Na4 Qd8
28. Nc5 Nxc5 29. dxc5 Kg8 30. b4 Bc6 31. Bc4 Qf6 32. Qe2 Nc3 33. Rxc3 Qxc3 34.
Bxa6 Rd8 35. Rxd8+ Rxd8 36. Bd6 Qc1+ 37. Qf1 Qxa3 38. b5 Ra8 39. h3 Qa4 40. Qd3
Rxa6 41. bxa6 Bb5 42. Qg3 f6 43. Be7 Kf7 44. Qc7 Qxa6 45. Bd6+ Kg6 46. Kh2 Qc6
47. Qa7 Qd7 48. Qa2 Bc6 49. Qc2+ f5 50. Qc3 Kh7 51. Qg3 Qf7 1/2-1/2

[Event "Hessen Senioren-ch 2012  8th"]
[Site "Bad Sooden-Adf. (14.4.-22.4)"]
[Date "2012.04.15"]
[Round "2.11"]
[White "Schirmer, Werner"]
[Black "Holscher, Peter"]
[Result "0-1"]
[WhiteElo "1920"]
[BlackElo "1959"]
[PlyCount "64"]
[EventDate "2012.04.??"]
[EventType "swiss"]
[EventRounds "9"]
[EventCountry "GER"]
[WhiteTeam "Hamburger SK"]
[BlackTeam "NED/Hoorn Caissa"]
[BlackTeamCountry "NED"]

1. e4 e6 2. d4 d5 3. Nc3 Bb4 4. e5 Qd7 5. a3 Bxc3+ 6. bxc3 b6 7. a4 Ne7 8. Nf3
Ba6 9. Bxa6 Nxa6 10. Qe2 Nb8 11. O-O Nbc6 12. Ba3 Na5 13. Nd2 O-O 14. Bb4 Nac6
15. f4 Nxb4 16. cxb4 Qc6 17. Qd3 a5 18. b5 Qd7 19. g4 f6 20. Rf3 c6 21. Rb1
Rac8 22. Rh3 f5 23. Nf3 Ng6 24. Rxh7 Nxf4 25. Qe3 fxg4 26. Rh4 gxf3 27. Rxf4
Rxf4 28. Qxf4 Rf8 29. Qg4 f2+ 30. Kf1 cxb5 31. Rxb5 Qc6 32. Qe2 Qc3 0-1

[Event "Hessen Senioren-ch 2012  8th"]
[Site "Bad Sooden-Adf. (14.4.-22.4)"]
[Date "2012.04.15"]
[Round "2.12"]
[White "Raedeker, Bernd"]
[Black "Ripoll, Luis"]
[Result "1/2-1/2"]
[WhiteElo "2059"]
[BlackElo "1813"]
[PlyCount "77"]
[EventDate "2012.04.??"]
[EventType "swiss"]
[EventRounds "9"]
[EventCountry "GER"]
[WhiteTeam "Stuttgarter SF"]
[BlackTeam "Lister Turm SK"]

1. d4 Nf6 2. c4 g6 3. f3 d6 4. Nc3 Bg7 5. e4 O-O 6. Be3 c6 7. Qd2 e5 8. d5 c5
9. Bd3 Ne8 10. h4 f5 11. Bg5 Bf6 12. Nh3 f4 13. O-O-O Bxh3 14. Rxh3 Bxg5 15.
hxg5 Ng7 16. Ne2 Nh5 17. Rdh1 Rf7 18. Kb1 Nd7 19. Bc2 Nf8 20. Bd1 a6 21. Rg1 b5
22. g4 fxg3 23. Rxh5 gxh5 24. Nxg3 Ng6 25. Nxh5 Raa7 26. Ng3 b4 27. Nf5 Kh8 28.
Ba4 Qf8 29. Bc2 a5 30. Rh1 a4 31. Rh6 b3 32. Bd3 bxa2+ 33. Kxa2 Kg8 34. Rh1
Rfb7 35. Bc2 Qd8 36. Nh6+ Kh8 37. Ng4 Qb6 38. Bd1 Qb4 39. Qxb4 1/2-1/2

[Event "Hessen Senioren-ch 2012  8th"]
[Site "Bad Sooden-Adf. (14.4.-22.4)"]
[Date "2012.04.15"]
[Round "2.13"]
[White "Johannsen, Ingbert"]
[Black "Papenbrock, Volker"]
[Result "1-0"]
[WhiteElo "1800"]
[BlackElo "2030"]
[PlyCount "83"]
[EventDate "2012.04.??"]
[EventType "swiss"]
[EventRounds "9"]
[EventCountry "GER"]
[WhiteTeam "Witten SG"]
[BlackTeam "Hamburg Eimsbuettel SK"]

1. e4 d6 2. d4 Nf6 3. Nc3 c6 4. Be2 Qa5 5. Bf3 g6 6. Nge2 Bg7 7. O-O O-O 8. Bd2
Qc7 9. Qc1 Re8 10. Bh6 Bh8 11. h3 e5 12. dxe5 dxe5 13. Qg5 Nbd7 14. Rad1 Nc5
15. Rd2 b5 16. b4 Ne6 17. Qh4 a5 18. a3 axb4 19. axb4 Ra3 20. Rfd1 Qe7 21. Nb1
Ra2 22. c3 Rxd2 23. Rxd2 Rd8 24. Ng3 Rxd2 25. Nxd2 c5 26. bxc5 Qxc5 27. Ne2 Bb7
28. Be3 Qd6 29. g4 Bg7 30. g5 Nd7 31. Qg3 Ndc5 32. Nd4 Nf4 33. Nxb5 Qd3 34.
Bxc5 Qxd2 35. Be3 Qd7 36. c4 Qd3 37. Bxf4 exf4 38. Qxf4 Qxc4 39. Nd6 Qc7 40.
Be2 Qe7 41. Bc4 Be5 42. Qxf7+ 1-0

[Event "Hessen Senioren-ch 2012  8th"]
[Site "Bad Sooden-Adf. (14.4.-22.4)"]
[Date "2012.04.15"]
[Round "2.14"]
[White "Schneider, Alexander(52)"]
[Black "Von Janta, Lothar"]
[Result "1-0"]
[WhiteElo "1981"]
[BlackElo "1656"]
[PlyCount "84"]
[EventDate "2012.04.??"]
[EventType "swiss"]
[EventRounds "9"]
[EventCountry "GER"]
[WhiteTeam "Wilhelmshavener SF"]
[BlackTeam "Berenbostel SV"]

1. c4 c5 2. g3 Nc6 3. Bg2 g6 4. Nc3 Bg7 5. e3 d6 6. Nge2 Nf6 7. O-O O-O 8. a3
Ne5 9. d3 Rb8 10. f4 Nc6 11. Rb1 e5 12. b4 cxb4 13. axb4 exf4 14. b5 f3 15.
Bxf3 Ne5 16. Bg2 Re8 17. Nd5 Nxd5 18. Bxd5 Be6 19. Nf4 Bg4 20. Qc2 Re7 21. Bb2
g5 22. Ng2 Bh3 23. Ra1 b6 24. Bxe5 Bxe5 25. d4 Bg7 26. Rxf7 Rxf7 27. Rf1 Bf6
28. Bxf7+ Kg7 29. Bd5 Qe7 30. Qd2 Re8 31. e4 h6 32. Rf2 Be6 33. Ne3 Kh8 34.
Bxe6 Qxe6 35. Nd5 Bd8 36. Qd3 Kg7 37. Ra2 Qxe4 38. Rxa7+ Kg6 39. Qxe4+ Rxe4 40.
Rd7 Rxd4 41. Rxd8 Rxc4 42. Rxd6+ Kf7 1-0

[Event "Hessen Senioren-ch 2012  8th"]
[Site "Bad Sooden-Adf. (14.4.-22.4)"]
[Date "2012.04.15"]
[Round "2.15"]
[White "Rueggeberg, Wilhelm"]
[Black "Thieme, Hans(08.33)"]
[Result "1/2-1/2"]
[WhiteElo "1702"]
[BlackElo "1959"]
[PlyCount "70"]
[EventDate "2012.04.??"]
[EventType "swiss"]
[EventRounds "9"]
[EventCountry "GER"]
[WhiteTeam "Saarburg-Trier Sfr."]
[BlackTeam "Oberursel SV"]

1. d4 Nf6 2. c4 c5 3. e3 e6 4. Nc3 a6 5. Nf3 cxd4 6. exd4 b6 7. Be2 Bb7 8. O-O
d6 9. Bg5 Be7 10. Rc1 Nbd7 11. Qd2 h6 12. Be3 Rc8 13. Rfd1 Qc7 14. h3 Qb8 15.
Bf4 Qa8 16. Ne1 Nf8 17. Be3 N8d7 18. Qd3 O-O 19. Bf3 d5 20. cxd5 Nxd5 21. Nxd5
Bxd5 22. Bxd5 exd5 23. Bf4 Qb7 24. Rc2 Rxc2 25. Nxc2 Rc8 26. Ne3 Bf8 27. Qb3 g5
28. Bg3 b5 29. Nxd5 Rc4 30. Ne3 Rc8 31. Nf5 Qb6 32. Qd5 Nf6 33. Qe5 Re8 34. Qc7
Qe6 35. Qe5 Qb6 1/2-1/2